[Event "Guimaraes Open 2019"]
[Site "Guimaraes"]
[Date "2019.08.29"]
[Round "3.34"]
[White "Lopez Quevedo, Eduardo"]
[Black "Palhas, Miguel Branco"]
[Result "1-0"]
[WhiteElo "2188"]
[BlackElo "1460"]
[Annotator "ChessBase"]
[PlyCount "63"]
[EventDate "2019.08.28"]
[EventType "swiss"]
[EventCountry "POR"]
[SourceTitle "playchess.com"]
[Source "ChessBase"]
[SourceQuality "1"]
[TimeControl "5400+30"]

1. e4 {[%emt 0:00:00]} d5 {[%emt 0:00:00]} 2. exd5 {[%emt 0:00:00]} Qxd5 {[%emt 0:00:05]} 3. Nc3 {[%emt 0:00:03]} Qd8 {[%emt 0:00:06]} 4. d4 {[%emt 0:00:49]} Nf6 {[%emt 0:02:06]} 5. Nf3 {[%emt 0:01:06]} e6 {[%emt 0:02:13]} 6. Bd3 {[%emt 0:01:10]} Be7 {[%emt 0:04:31]} 7. Qe2 {[%emt 0:03:35]} Nc6 {[%emt 0:07:06]} 8. Be3 {[%emt 0:08:39]} Nb4 {[%emt 0:05:21]} 9. Bc4 {[%emt 0:00:14]} c6 {[%emt 0:04:54]} 10. O-O {[%emt 0:01:51]} O-O {[%emt 0:03:03]} 11. Ne5 {[%emt 0:04:46]} Nbd5 {[%emt 0:01:46]} 12. Bd2 {[%emt 0:03:46]} Qb6 {[%emt 0:05:20]} 13. Nxd5 {[%emt 0:06:54]} exd5 {[%emt 0:01:04]} 14. Bd3 {[%emt 0:01:16]} Qxd4 {[%emt 0:01:59]} 15. Nxc6 {[%emt 0:01:36]} bxc6 {[%emt 0:01:03]} 16. Qxe7 {[%emt 0:00:08]} Re8 {[%emt 0:02:35]} 17. Qc7 {[%emt 0:02:57]} Qb6 {[%emt 0:04:04]} 18. Qg3 {[%emt 0:01:17]} Ne4 {[%emt 0:04:37]} 19. Bxe4 {[%emt 0:15:19]} Rxe4 {[%emt 0:00:36]} 20. Rae1 {[%emt 0:16:31]} Bf5 {[%emt 0:10:15]} 21. Rxe4 {[%emt 0:00:28]} Bxe4 {[%emt 0:00:14]} 22. Qe5 {[%emt 0:00:33]} Bxc2 {[%emt 0:06:52]} 23. Bc3 {[%emt 0:02:43]} f6 {[%emt 0:00:35]} 24. Qe6+ {[%emt 0:00:21]} Kf8 {[%emt 0:02:49]} 25. Rc1 {[%emt 0:05:06]} Be4 {[%emt 0:02:14]} 26. Qd6+ {[%emt 0:02:01]} Kf7 {[%emt 0:01:06]} 27. Bb4 {[%emt 0:02:15]} d4 {[%emt 0:02:42]} 28. Qe7+ {[%emt 0:03:52]} Kg8 {[%emt 0:00:14]} 29. Qxe4 {[%emt 0:01:29]} Qxb4 {[%emt 0:00:12]} 30. Qxc6 {[%emt 0:00:21]} Rb8 {[%emt 0:04:27]} 31. Qe6+ {[%emt 0:00:24]} Kf8 {[%emt 0:00:28]} 32. Rc7 {[%emt 0:00:31]} 1-0

[Event "Guimaraes Open 2019"]
[Site "Guimaraes"]
[Date "2019.08.29"]
[Round "3.35"]
[White "Silva, Tiago Alexandre Pinh"]
[Black "Dieguez Novoa, Laura"]
[Result "1-0"]
[WhiteElo "1833"]
[BlackElo "1083"]
[Annotator "NA"]
[PlyCount "51"]
[EventDate "2019.08.28"]
[EventType "swiss"]
[EventCountry "POR"]
[SourceTitle "playchess.com"]
[Source "ChessBase"]
[SourceQuality "1"]
[TimeControl "5400+30"]

1. e4 {[%emt 0:00:00]} e5 2. Nf3 {[%emt 0:00:00]} Nc6 {[%emt 0:00:00]} 3. Nc3 {[%emt 0:00:00]} Nf6 {[%emt 0:01:25]} 4. a3 {[%emt 0:00:00]} Bc5 {[%emt 0:01:42]} 5. Nxe5 {[%emt 0:00:00]} O-O {[%emt 0:00:59]} 6. Nxc6 {[%emt 0:00:40]} dxc6 {[%emt 0:00:34]} 7. Be2 {[%emt 0:00:32]} Re8 {[%emt 0:01:10]} 8. d3 {[%emt 0:00:10]} h6 {[%emt 0:00:47]} 9. O-O {[%emt 0:00:28]} Be6 {[%emt 0:01:40]} 10. Kh1 {[%emt 0:01:00]} Qd7 {[%emt 0:02:03]} 11. Na4 {[%emt 0:00:27]} Bd4 {[%emt 0:01:08]} 12. c3 {[%emt 0:00:17]} Bb6 {[%emt 0:01:12]} 13. Nxb6 {[%emt 0:00:06]} cxb6 {[%emt 0:00:46]} 14. f3 {[%emt 0:00:26]} Qd8 {[%emt 0:01:21]} 15. Qc2 {[%emt 0:00:20]} Nh5 {[%emt 0:00:56]} 16. f4 {[%emt 0:02:20]} Qh4 {[%emt 0:03:33]} 17. Bxh5 {[%emt 0:01:11]} Qxh5 {[%emt 0:01:23]} 18. f5 {[%emt 0:00:21]} Bd7 {[%emt 0:00:55]} 19. Qd1 {[%emt 0:00:23]} Qh4 {[%emt 0:01:13]} 20. Rf4 {[%emt 0:00:46]} Qg5 {[%emt 0:05:09]} 21. Rg4 {[%emt 0:00:17]} Qh5 {[%emt 0:01:28]} 22. Rxg7+ {[%emt 0:00:31]} Kxg7 {[%emt 0:01:46]} 23. Qxh5 {[%emt 0:00:02]} Rad8 {[%emt 0:02:03]} 24. Qxh6+ {[%emt 0:00:12]} Kg8 {[%emt 0:02:06]} 25. f6 {[%emt 0:00:05]} Re5 {[%emt 0:01:07]} 26. Qg7# {[%emt 0:00:09]} 1-0

[Event "Guimaraes Open 2019"]
[Site "Guimaraes"]
[Date "2019.08.30"]
[Round "4.1"]
[White "Espineira Gonzalez, Diego"]
[Black "Grigoryan, Karen H."]
[Result "0-1"]
[WhiteElo "2362"]
[BlackElo "2562"]
[Annotator "TA"]
[PlyCount "58"]
[EventDate "2019.08.28"]
[EventType "swiss"]
[EventCountry "POR"]
[SourceTitle "playchess.com"]
[Source "ChessBase"]
[SourceQuality "1"]

{[%evp 9,80,31,35,36,66,61,66,66,80,74,93,44,87,34,36,36,18,34,39,31,33,0,50,-81,-75,-93,-91,-93,-89,-109,-104,-140,-134,-203,-218,-209,-195,-209,-202,-207,-207,-210,-208,-324,-325,-479,-481,-472,-459,-445,-327,-463,-405,-1524,-1523,-1123,-683,-652,-644,-679,-679,-666,-666,-660,-658,-637,-639,-656,-641,-699,-699,-717,-717]} 1. e4 g6 2. d4 Bg7 3. Nf3 d6 4. c4 Bg4 5. Nc3 Bxf3 (5... Nc6 6. Be3 e5 7. dxe5 dxe5 8. Qxd8+ Rxd8 9. Nb5 Nb4 10. Na3 f5 11. Ng5 f4 12. Bd2 a5 13. Be2 h6 14. Bxg4 hxg5 15. Bxb4 axb4 {½-½ (42) Lorparizangeneh,S (2506)-Tabatabaei,M (2592) Bushehr 2018}) 6. gxf3 {A41: 1 d4 d6: Tartakower System and Modern Defence} Nc6 7. Be3 e5 8. dxe5 {White is slightly better.} Nxe5 9. Be2 Nf6 10. Qa4+ $146 ({Predecessor:} 10. Qd2 Qd7 11. Bh6 Bxh6 12. Qxh6 O-O-O 13. Qe3 {½-½ (26) Wagner,A (2063)-Schnitker,R (2026) Germany 2012}) 10... Nfd7 11. c5 (11. O-O-O $16) 11... O-O 12. cxd6 cxd6 13. O-O-O Nb6 14. Qb4 Rc8 15. Kb1 Nbc4 16. Bxc4 (16. f4 $14 {keeps the upper hand.} Nxe3 17. fxe3) 16... Nxc4 $17 17. Bd4 a5 $1 {[%cal Ra5b4]} 18. Qa4 Qg5 19. Bxg7 Kxg7 20. Rd4 Qc5 21. Ne2 (21. Nb5 $17) 21... b5 $19 22. Qd1 {[#]} Qb4 $1 {[%csl Gc4][%cal Rb4b2][%mdl 512]} 23. b3 {[#] And now Ka1 would win.} a4 $1 $40 {[%cal Ra4b3][%mdl 128] Strongly threatening ...axb3. Black goes for the king.} ({Weaker is} 23... Na3+ 24. Kb2 $11) 24. Ka1 axb3 25. Qxb3 {[#]} Qc5 $1 26. Rhd1 (26. Rf1 $142) 26... Ra8 27. Nc3 {[#]} (27. Qc2 {was worth a try.} Ne3 28. Qxc5 dxc5 29. fxe3 cxd4 30. Nxd4) 27... Ra3 $1 {[%mdl 512]} 28. Rxc4 bxc4 {[%cal Bb5c4,Bc4c3][%mdl 96] Pin} 29. Qb2 {Threatens to win with Rd5.} Rfa8 {Played: Ra3-a8} 0-1

[Event "Guimaraes Open 2019"]
[Site "Guimaraes"]
[Date "2019.08.30"]
[Round "4.2"]
[White "Martinez Duany, Lelys Stanley"]
[Black "Martin Duque, Jesus"]
[Result "1/2-1/2"]
[WhiteElo "2526"]
[BlackElo "2353"]
[Annotator "TA"]
[PlyCount "31"]
[EventDate "2019.08.28"]
[EventType "swiss"]
[EventCountry "POR"]
[SourceTitle "playchess.com"]
[Source "ChessBase"]
[SourceQuality "1"]

{[%evp 15,31,0,16,16,42,12,14,15,22,8,16,0,0,0,0,0,0,-3]} 1. Nf3 Nf6 2. b3 b6 3. g3 Bb7 4. Bg2 g6 5. Bb2 Bg7 6. O-O O-O 7. c4 e6 8. d4 d5 9. Ne5 {D77: Fianchetto Grünfeld: 6 0-0: Replies other than 6...c6} (9. Nbd2 Nbd7 10. Rc1 Re8 11. b4 a5 12. b5 a4 13. Ba3 Ne4 14. e3 f5 15. Qc2 dxc4 16. Nxc4 Bd5 {1-0 (59) Meier,G (2650)-Bortnyk,O (2610) Riadh 2017}) 9... Nfd7 10. Nxd7 (10. Nd3 {looks sharper.} Na6 11. Nf4 Nf6 12. Nc3 c5 13. e3) 10... Qxd7 {The position is equal.} 11. Nc3 Na6 $146 ({Predecessor:} 11... c6 12. e3 a5 13. Na4 Qd8 14. cxd5 exd5 15. Qd2 Nd7 16. Rfc1 f5 {0-1 (36) Arnold,M (2170)-Kourousis,E (2408) Schwaebisch Gmuend 2016}) 12. Rc1 Rfd8 13. e3 c5 14. cxd5 cxd4 15. exd4 exd5 16. Qd2 1/2-1/2

[Event "Guimaraes Open 2019"]
[Site "Guimaraes"]
[Date "2019.08.30"]
[Round "4.3"]
[White "Chueca Forcen, Alberto"]
[Black "Lizak, Peter"]
[Result "1/2-1/2"]
[WhiteElo "2355"]
[BlackElo "2448"]
[Annotator "TA"]
[PlyCount "71"]
[EventDate "2019.08.28"]
[EventType "swiss"]
[EventCountry "POR"]
[SourceTitle "playchess.com"]
[Source "ChessBase"]
[SourceQuality "1"]

{[%evp 18,71,-40,-42,-29,-28,0,-20,0,0,0,0,0,0,0,0,0,0,0,0,0,0,0,0,0,0,10,3,4,0,4,0,16,0,0,0,6,0,5,0,2,0,0,0,0,0,0,0,0,0,0,0,0,0,0,0]} 1. d4 Nf6 2. c4 e6 3. Nc3 Bb4 4. Qc2 c5 5. dxc5 O-O 6. Nf3 Na6 {[%cal Bb8a6,Ba6c5,Bc5e4][%mdl 32]} 7. a3 Bxc3+ 8. Qxc3 Nxc5 9. b4 Nce4 10. Qd4 b6 {E39: Nimzo-Indian: Classical: 4...c5 5 dxc5 0-0} (10... d6 11. Bg5 Nxg5 12. Nxg5 a5 13. b5 h6 14. Nf3 e5 15. Qb2 e4 16. Nd4 e3 17. f3 Bd7 18. g3 Rc8 {0-1 (32) Fodor,T (2500)-Nakamura,H (2787) Caleta 2016}) 11. e3 Bb7 12. Bb2 {The position is equal.} d5 13. cxd5 Qxd5 14. Qxd5 Nxd5 $146 ({Predecessor:} 14... Bxd5 15. Bd3 Rfd8 16. Ne5 Rac8 17. f3 Nd6 18. Ke2 {½-½ (41) Finegold,B (2455)-Vanheste,J (2385) Groningen 1991}) 15. Bd3 Ndc3 16. Nd2 Rfd8 17. Nxe4 Bxe4 18. Ba6 Bd3 $1 ({But not} 18... Bxg2 $2 19. Rg1 $16) 19. Bxd3 Rxd3 20. Bxc3 $1 Rxc3 $11 {[%mdl 4096] Endgame KRR-KRR} 21. Kd2 Rcc8 22. Rac1 Kf8 23. e4 e5 24. Ke3 a6 25. a4 Ke7 26. Rhd1 f6 27. h4 g6 28. g4 h5 29. gxh5 gxh5 30. f3 Rxc1 31. Rxc1 {KR-KR} Rd8 32. Rc6 Rd6 33. Rc7+ Rd7 34. Rc6 Rd6 35. Rc7+ Rd7 $1 {[%cal Rd7c7]} 36. Rc6 {Accuracy: White = 60%, Black = 67%.} 1/2-1/2

[Event "Guimaraes Open 2019"]
[Site "Guimaraes"]
[Date "2019.08.30"]
[Round "4.4"]
[White "Nieves Cabanes, Jose Manuel"]
[Black "Schou, Bjorn A"]
[Result "0-1"]
[WhiteElo "2311"]
[BlackElo "1257"]
[Annotator "TA"]
[PlyCount "42"]
[EventDate "2019.08.28"]
[EventType "swiss"]
[EventCountry "POR"]
[SourceTitle "playchess.com"]
[Source "ChessBase"]
[SourceQuality "1"]

{[%evp 17,80,47,33,14,18,28,37,20,20,-25,-37,-50,-28,-35,-32,-89,-74,-87,0,0,0,-61,-75,-78,-71,-72,-24,-92,-95,-87,-72,-127,-128,-137,-122,-139,-129,-175,-144,-167,-160,-336,-336,-377,-362,-446,-408,-5610,-297,-934,-429,-408,-393,-470,-462,-1018,-1008,-958,-464,-473,-452,-611,-611,-589,-586]} 1. d4 Nf6 2. c4 e6 3. Nf3 Bb4+ 4. Bd2 a5 5. g3 d6 6. Bg2 Nbd7 7. O-O e5 8. Nc3 exd4 9. Nxd4 O-O 10. Nc2 {E11: Bogo-Indian} Bc5 11. b3 {[%cal Bb2b3,Bb3b4][%mdl 32]} Re8 $146 ({Predecessor:} 11... Ne5 12. h3 c6 13. Be3 Bxe3 14. Nxe3 Qe7 15. Qd2 Rd8 16. Rad1 Ng6 17. Nc2 d5 {1-0 (39) San Segundo Carrillo,P (2570)-Sanchez Gonzalez,S (2305) Collado Villalba 2009}) 12. a3 {White is slightly better.} Ne5 13. b4 Ba7 14. Nd5 c6 15. Nxf6+ Qxf6 16. Ne3 (16. Bc3 $15) 16... Bd4 17. Rc1 Bb2 ({Black should play} 17... axb4 $17 18. axb4 Qg6) 18. Rb1 $11 Bd4 19. Qc1 ({Better is} 19. Rc1 $1 $11) 19... axb4 $15 20. axb4 Ra2 $36 {[%mdl 2048] White is under strong pressure.} 21. Nc2 Bb2 {Played: Bd4-b6} 0-1

[Event "Guimaraes Open 2019"]
[Site "Guimaraes"]
[Date "2019.08.30"]
[Round "4.5"]
[White "Tilicheev, Viacheslav"]
[Black "Dias, Ivo Rodrigues"]
[Result "1-0"]
[WhiteElo "2482"]
[BlackElo "2100"]
[Annotator "RC"]
[PlyCount "65"]
[EventDate "2019.08.28"]
[EventType "swiss"]
[EventCountry "POR"]
[SourceTitle "playchess.com"]
[Source "ChessBase"]
[SourceQuality "1"]
[TimeControl "5400+30"]

1. d4 {[%emt 0:00:00]} e6 {[%emt 0:00:45]} 2. e4 {[%emt 0:00:07]} d5 {[%emt 0:00:08]} 3. Nd2 {[%emt 0:00:04]} c5 {[%emt 0:00:52]} 4. Ngf3 {[%emt 0:00:10]} Nc6 {[%emt 0:00:39]} 5. c3 {[%emt 0:00:07]} cxd4 {[%emt 0:01:27]} 6. cxd4 {[%emt 0:00:10]} dxe4 {[%emt 0:00:22]} 7. Nxe4 {[%emt 0:00:06]} Bb4+ {[%emt 0:02:05]} 8. Bd2 {[%emt 0:00:06]} Bxd2+ {[%emt 0:01:19]} 9. Qxd2 {[%emt 0:00:12]} Nf6 {[%emt 0:06:03]} 10. Bd3 {[%emt 0:02:43]} O-O {[%emt 0:06:03]} 11. O-O {[%emt 0:00:09]} Bd7 {[%emt 0:09:16]} 12. Rfe1 {[%emt 0:06:07]} Rc8 {[%emt 0:02:43]} 13. Nxf6+ {[%emt 0:08:47]} Qxf6 {[%emt 0:01:53]} 14. Re4 {[%emt 0:00:08]} g6 {[%emt 0:04:16]} 15. h4 {[%emt 0:00:25]} Rfd8 {[%emt 0:03:09]} 16. Rae1 {[%emt 0:28:37]} Be8 {[%emt 0:01:36]} 17. Bc2 {[%emt 0:00:59]} Rd6 {[%emt 0:08:30]} 18. Bb3 {[%emt 0:09:37]} Rcd8 {[%emt 0:01:07]} 19. d5 {[%emt 0:00:19]} Ne7 {[%emt 0:01:52]} 20. Rf4 {[%emt 0:05:44]} Qg7 {[%emt 0:02:47]} 21. Qb4 {[%emt 0:16:04]} Nxd5 {[%emt 0:04:55]} 22. Bxd5 {[%emt 0:00:05]} Rxd5 {[%emt 0:00:40]} 23. Qxb7 {[%emt 0:00:06]} a5 {[%emt 0:00:37]} 24. Ng5 {[%emt 0:02:07]} Rd2 {[%emt 0:09:34]} 25. Ne4 {[%emt 0:01:39]} Rxb2 {[%emt 0:04:24]} 26. Qc7 {[%emt 0:02:38]} Rbb8 {[%emt 0:01:51]} 27. Nf6+ {[%emt 0:00:05]} Kh8 {[%emt 0:00:14]} 28. Nxe8 {[%emt 0:00:04]} Rxe8 {[%emt 0:01:37]} 29. Rxf7 {[%emt 0:00:05]} Qh6 {[%emt 0:01:38]} 30. Qe5+ {[%emt 0:00:26]} Kg8 {[%emt 0:00:10]} 31. Ra7 {[%emt 0:00:16]} Rb4 {[%emt 0:01:58]} 32. g3 {[%emt 0:00:18]} Qf8 {[%emt 0:00:42]} 33. Qc7 {[%emt 0:00:35]} 1-0

[Event "Guimaraes Open 2019"]
[Site "Guimaraes"]
[Date "2019.08.30"]
[Round "4.6"]
[White "Campora, Daniel H."]
[Black "Pipiras, Filipa Fortuna"]
[Result "0-1"]
[WhiteElo "2426"]
[BlackElo "1959"]
[Annotator "TA"]
[PlyCount "104"]
[EventDate "2019.08.28"]
[EventType "swiss"]
[EventCountry "POR"]
[SourceTitle "playchess.com"]
[Source "ChessBase"]
[SourceQuality "1"]

{[%evp 16,104,12,12,50,9,139,129,133,103,120,77,87,67,76,61,69,66,72,52,61,49,56,52,43,47,48,59,54,54,60,28,22,20,48,45,90,79,108,52,86,36,110,137,140,105,105,81,100,83,118,104,119,103,104,97,83,45,17,0,-8,-15,-16,-3,-12,-9,-22,-64,-70,-90,-65,-66,-33,-100,-68,-94,-106,-621,-614,-727,-734,-987,72,-966,-966,-1168,-1151,-1063,-1015,-6199,-5506]} 1. e4 c5 2. Nf3 e6 3. c3 d5 4. e5 Nc6 5. d4 cxd4 6. cxd4 Nge7 7. Na3 Nf5 8. Nc2 Be7 9. Bd3 O-O {C02: French: Advance Variation} (9... Bd7 10. O-O h5 11. b4 a6 12. Rb1 b5 13. Be3 Na7 14. Nd2 Nc8 15. Nb3 Nb6 16. Nc5 Nc4 17. Bc1 {1-0 (100) Henriquez Villagra,C (2543)-Roselli Mailhe,B (2454) Montevideo 2019}) 10. O-O (10. g4 $5 {[%cal Rg4f5]} Nh4 11. Nxh4 Bxh4 12. O-O $11) 10... Qb6 (10... f6 $11 {keeps the balance.}) 11. g4 $16 Nh6 {White is better.} 12. h3 $146 ({Predecessor:} 12. Bxh6 gxh6 13. Ne3 f6 14. Bc2 Rf7 15. Bb3 Kh8 16. Qd3 Rg7 17. Kh1 fxe5 18. dxe5 {½-½ (45) Swati,G (2190)-Nyberg,C Elista 1998}) 12... Qd8 13. Be3 Kh8 14. Qd2 Ng8 15. Nh2 f5 16. f4 Qe8 17. Kh1 Bd8 18. Rg1 Nge7 19. Raf1 Bd7 20. Qg2 {[#] Black must now prevent gxf5.} ({Much weaker is} 20. gxf5 Nxf5 21. Bxf5 Rxf5 $15) 20... Qg6 21. Rf3 $36 {[%mdl 2048] White fights for an advantage.} Qf7 22. Rg3 {Strongly threatening gxf5.} Ng6 23. g5 Nh4 24. Qd2 Ne7 25. Bf2 Nc6 26. Be2 Ng6 27. b4 (27. Nf3 $16) 27... a5 28. b5 Nb4 ({Black should try} 28... Na7 $14) 29. Ne1 Nxa2 30. Qxa2 Nxf4 31. Bf1 Qe8 32. Rb3 a4 33. Rb1 a3 34. Nd3 Nxd3 35. Bxd3 Be7 36. Be1 Ra4 37. Nf3 Qh5 38. Qg2 Rfa8 39. Ra1 a2 40. Be2 Ra3 41. h4 Qe8 42. g6 h6 43. Qf1 Rb3 $1 {[%cal Rb3b1] Hoping for ...Rb1.} 44. Bd2 $1 Bxb5 45. Bxb5 Rxb5 46. Ng5 $2 {[%mdl 8192]} (46. Qd1 $17) 46... hxg5 $19 47. hxg5 {White wants to mate with Qh3+.} Rb3 48. Qd1 Rh3+ 49. Kg2 {aiming for Rh1.} Raa3 {Black is clearly winning.} 50. Rh1 Rag3+ {[%mdl 64] [#] Double Attack} 51. Kf2 Qxg6 52. Rxa2 Bxg5 {Accuracy: White = 39%, Black = 61%.} 0-1

[Event "Guimaraes Open 2019"]
[Site "Guimaraes"]
[Date "2019.08.30"]
[Round "4.7"]
[White "Lopez Mulet, Inigo"]
[Black "Jimenez Fernandez, Rebeca"]
[Result "1-0"]
[WhiteElo "2397"]
[BlackElo "1928"]
[Annotator "TA"]
[PlyCount "47"]
[EventDate "2019.08.28"]
[EventType "swiss"]
[EventCountry "POR"]
[SourceTitle "playchess.com"]
[Source "ChessBase"]
[SourceQuality "1"]

{[%evp 22,46,47,32,35,44,63,56,62,56,223,225,213,210,364,365,696,681,900,931,1290,1231,1278,1189,29978,3542,29999]} 1. d4 d5 2. c4 c6 3. cxd5 cxd5 4. Bf4 Nc6 5. e3 Nf6 6. Nc3 a6 7. Bd3 e6 8. Rc1 Bd6 9. Bxd6 Qxd6 10. f4 O-O 11. Nf3 b5 12. O-O Bb7 {D10: Slav Defence: 3 cxd5 (without early Nf3) and 3 Nc3} 13. Ne5 Ne7 14. Qf3 (14. Qb3 Rfc8 15. a3 Rc7 16. Bxb5 Rxc3 17. Qxc3 axb5 18. Qc7 Ne4 19. Qxb7 Rd8 20. Rc7 Nf5 21. Nxf7 {1-0 (21) Li,C (2751)-Movsesian,S (2653) Huaian 2016}) 14... Rac8 {White is slightly better.} 15. g4 {[#]} Rxc3 $146 ({Black should try} 15... Nd7 $14) ({Predecessor:} 15... b4 16. Na4 Ne4 17. Bxe4 dxe4 18. Qe2 Bd5 19. Nc5 a5 20. f5 exf5 21. gxf5 {½-½ (46) Shimanov,A (2640)-Ipatov,A (2569) Moscow 2013}) 16. Rxc3 $18 ({Don't take} 16. bxc3 $6 Ne4) 16... Ne4 {[#]} 17. Qh3 $1 f5 $2 (17... f6 {might work better.}) 18. Rc2 Rf6 $2 (18... Rc8 19. Rxc8+ Bxc8) 19. Rfc1 Rh6 20. Qg2 Ng6 21. Rc7 Nxe5 22. fxe5 Qb6 23. gxf5 exf5 24. Qxg7# {Accuracy: White = 100%, Black = 12%.} 1-0

[Event "Guimaraes Open 2019"]
[Site "Guimaraes"]
[Date "2019.08.30"]
[Round "4.8"]
[White "Portela Peleteiro, Alberto"]
[Black "Martins, Jose Carlos Caetano"]
[Result "1-0"]
[WhiteElo "2375"]
[BlackElo "1655"]
[Annotator "TA"]
[PlyCount "111"]
[EventDate "2019.08.28"]
[EventType "swiss"]
[EventCountry "POR"]
[SourceTitle "playchess.com"]
[Source "ChessBase"]
[SourceQuality "1"]

{[%evp 22,111,16,6,22,-12,-6,-9,-12,-13,18,14,15,-4,-8,-12,0,-31,19,0,0,-5,40,41,41,15,20,18,14,16,24,14,12,5,9,0,2,0,90,93,90,91,91,87,112,112,120,122,156,145,157,161,170,162,364,364,337,244,449,420,565,552,925,914,885,879,1511,1387,1335,1341,29979,29980,29980,29982,29983,29983,29986,29987,29988,29989,29989,29987,29987,29988,29989,29988,29988,29988,29989,29987,29987,29988]} 1. e4 c5 2. g3 Nc6 3. Bg2 g6 4. Ne2 Bg7 5. O-O e6 6. c3 Nge7 7. d4 cxd4 8. Nxd4 Nxd4 9. cxd4 d5 10. exd5 Nxd5 11. Nc3 O-O 12. Qb3 {[%cal Rc3d5]} Qb6 {A36: Symmetrical English vs ...g6: 4 Bg2 Bg7} 13. Bxd5 (13. Nxd5 exd5 14. Bxd5 Bxd4 15. Qxb6 axb6 16. Rd1 Bg7 17. Be3 Be6 18. Bxe6 fxe6 19. Bd4 Ra5 20. Bxb6 Rb5 21. Be3 Rxb2 22. a4 Rc8 23. Rab1 Rxb1 24. Rxb1 {½-½ (49) Rakhmanov,A (2647)-Lintchevski,D (2519) Kazan 2018}) 13... exd5 14. Qxb6 axb6 {The position is equal.} 15. Nxd5 Bxd4 16. Rd1 Bg7 17. Nxb6 Bg4 18. Rd5 $146 ({Predecessor:} 18. Nxa8 Bxd1 19. Nb6 Bf3 20. Na4 Ra8 21. Nc3 Bxc3 22. bxc3 Rd8 23. Be3 {½-½ (23) Engel,K-Markland,P Finland 1981}) 18... Ra6 19. Rb5 Bd4 (19... Rd8 $5 {[%cal Rd8d1]} 20. Bg5 Rd3 $15) 20. Nd5 {[#] Black must now prevent Rb4.} Bf3 21. Be3 Bxe3 (21... Bg7 {feels hotter.} 22. Nc3 Rd8 23. Rb3 Bxc3 24. Rxc3 Rxa2 25. Rac1 Bc6) 22. Nxe3 ({But not} 22. fxe3 Rd8 $15) 22... Rd8 23. Rc5 Rd2 24. Rc2 Rxc2 25. Nxc2 $11 {[%mdl 4096] Endgame KRB-KRN} Rd6 26. Ne3 Rd2 27. b3 Kg7 28. Nc4 Rc2 29. Ne5 (29. a4 {is more complex.} Be2 30. Nd6 Bf3 31. Rb1 Ra2 32. h4) 29... Bc6 (29... Bd5 $11) 30. Nxc6 $16 Rxc6 {KR-KR} 31. Re1 Rc2 32. a4 Rc3 33. Re3 Rc1+ 34. Kg2 Rb1 35. Kf3 Rb2 36. h4 h5 37. Rd3 Kg8 $2 {[#]} (37... Kf8 {keeps fighting.} 38. Ke3 Ke7) 38. Ke3 $18 Kg7 39. f3 Kf8 $2 (39... Rg2 40. Rd7 Rxg3 41. Rxb7 Rg2) 40. Kd4 Ke7 41. Kc5 Rg2 42. f4 Kf6 43. Kb6 Kf5 44. Re3 Kg4 45. Kxb7 Rxg3 46. Rxg3+ {White mates.} Kxg3 47. a5 Kxh4 {K3P-K3P} 48. a6 Kg4 49. a7 Kxf4 50. a8=Q h4 51. Qg8 g5 52. Qxf7+ Kg3 53. Qf1 g4 54. Qg1+ Kh3 55. Qh1+ Kg3 56. Kc6 {Accuracy: White = 65%, Black = 22%.} 1-0

[Event "Guimaraes Open 2019"]
[Site "Guimaraes"]
[Date "2019.08.30"]
[Round "4.10"]
[White "Fernandes, Joao Pedro Murtinho"]
[Black "Lopez Gonzalez, Alfonso"]
[Result "1-0"]
[WhiteElo "2044"]
[BlackElo "2219"]
[Annotator "TA"]
[PlyCount "60"]
[EventDate "2019.08.28"]
[EventType "swiss"]
[EventCountry "POR"]
[SourceTitle "playchess.com"]
[Source "ChessBase"]
[SourceQuality "1"]

{[%evp 10,60,10,0,25,19,22,12,26,30,28,24,22,2,30,15,16,0,13,0,0,0,0,0,24,-8,8,16,24,0,0,0,10,-8,-8,-12,0,-15,-13,-17,-12,-22,0,-19,-19,-19,0,-28,-20,-20,0,0,14]} 1. e4 e6 2. d4 d5 3. exd5 exd5 4. Nf3 Bd6 5. Bd3 Nf6 6. Qe2+ Be7 {C01: French: Exchange Variation} 7. O-O O-O 8. Re1 Bd6 9. Bg5 Bg4 10. Nbd2 Nbd7 11. Qf1 $146 ({Predecessor:} 11. h3 Bh5 12. Bf5 Re8 13. Qb5 Rb8 14. Rxe8+ Qxe8 {1-0 (65) Hracek,Z (2591)-Kanmazalp,O (2458) Izmir 2018}) 11... c6 12. Ne5 Qb6 13. c3 Rfe8 {[%cal Rd7e5]} 14. Nxg4 Nxg4 15. Bf5 Ngf6 16. Qd3 Qc7 17. Qh3 Rxe1+ 18. Rxe1 Bf4 19. Nf3 {[#] Re7 is the strong threat.} Bxg5 20. Nxg5 {[%cal Rf5h7]} Nf8 21. Qg3 Qxg3 22. hxg3 Re8 (22... h6 {is more complex.} 23. Nf3 g6 24. Bd3 N8d7 25. Ne5 Nxe5 26. dxe5 Re8) 23. Kf1 g6 24. Rxe8 Nxe8 $11 {[%mdl 4096] Endgame KBN-KNN} 25. Bd3 Nd6 26. Ke2 f6 27. Nf3 Kf7 28. Nd2 Ne6 29. Ke3 Ke7 30. g4 Nf8 {[%mdl 32768] Accuracy: White = 49%, Black = 35%. . Loss on time!?} 1-0